Statistics for Baseball Scorekeeping Symbols

Click here to take the quiz!

General Stats

  • This quiz has been taken 123 times
    (105 since last reset)
  • The average score is 22 of 29

Answer Stats

Abbv.Answer% Correct
1BSingle
94%
2BDouble
94%
3BTriple
94%
HRHome Run
94%
BBWalk
92%
KStrikeout (swinging)
90%
HHits
90%
HPHit by Pitch
90%
ABAt Bat
90%
RRuns
90%
EError
87%
2Catcher
85%
1Pitcher
85%
SOStrikeout
84%
3First Base
84%
RBIRuns Batted In
84%
6Short Stop
82%
5Third Base
82%
4Second Base
82%
8Center Field
82%
FcFielder's Choice
82%
Backwards KStrikeout (looking)/ Called out on strikes
82%
7Left Field
81%
9Right Field
81%
SAC/SHSacrifice
75%
UUnassisted
30%
FFly ball
23%
BBunt
18%
LLine Drive
14%

Score Distribution

Percentile by Number Answered

Percent of People with Each Score

Your Score History

You have not taken this quiz since the last reset